01306nam a2200313 i 4500001001000000003000900010005001700019007000300036008004100039020001800080040003000098041000800128082002300136100005700159245015800216260002000374264008700394300002800481336002700509337003400536338002900570490005900599500005700658500007300715504003800788650005400826650004100880651007100921000044628DO-SdBNP20251013142545.0ta141210s2013 dr r 000 0 spa d a9789945074888 aDO-SdBNPbspacBNPHUerda aspa 4a327.7293bE74r2221 aEscolano Giménez, Luis Alfonsod1969-4aut.eautor13aLa rivalidad internacional por la República Dominicana y el complejo proceso de su anexión a España (1858-1865) /cLuis Alfonso Escolano Giménez. aSanto Domingo : 4aSanto Domingo, República Dominicana : bArchivo General de la Nación,c©2013 a703 páginas ;c23 cm. atextobtxt2rdacontent asin mediaciónbn2rdamedia  avolumen bnc2rdacarrier0 aPublicaciones del Archivo General de la Nación v191 aIncluye datos biográficos del autor en las solapas aIncluye referencias bibliográficas y notas al pie de las páginas aBibliografía: páginas 671-6794 aRelaciones internacionales zRepublica Dominicana4 aRelaciones internacionaleszEspaña 4aRepública Dominicana xPolítica exteriory1858-1865zEspaña